Encanto Word Chain Quiz - Statistics

General Stats
  • This quiz has been taken 630 times
  • The average score is 7 of 15
Answer Stats
Hint Answer % Correct
The middle child of Félix has this gift Shapeshifting
80%
Takes Pepa's seat during lunch Mirabel
74%
Singular form of what Bruno feasts on, according to Camilo Scream
68%
Wrote eight original songs for the movie Lin-Manuel Miranda
63%
Uses fingers to clap during Antonio's gift ceremony Dolores
57%
Where Mirabel lived even after her gift ceremony Nursery
57%
Type of animal that Pico is Toucan
42%
Pressure is like this 'till you just go pop Tip
41%
Isabela is described as a perfect this Golden child
39%
Man who became bald just as Bruno said he would Priest
36%
Perhaps Hercules used this interjection Yo
35%
In addition to Pepa's hurricane, there is a hurricane of this Jacarandas
29%
Sebastián Yatra sings about two of them Oruguitas
29%
Bruno's room in the walls is kitchen this Adjacent
23%
Bruno's initial descriptor of Mirabel Sweaty
12%
No matching quizzes found
Score Distribution
Percent of People with Each Score
Percentile by Number Answered
Your Score History
You have not taken this quiz